La virgen madre de Dios y la vida cristiana o sea María considerada a la luz de la fe y de la razón
সংরক্ষণ করুন:
| প্রধান লেখক: | |
|---|---|
| বিন্যাস: | গ্রন্থ |
| ভাষা: | স্প্যানিশ |
| প্রকাশিত: |
Barcelona
E. Subirana, Edit. Y Lib. Pontificio
1914
|
| সংস্করন: | 1a. ed |
| মালা: | Biblioteca del Orador Sagrado, 5-7
|
| বিষয়গুলি: | |
| ট্যাগগুলো: |
ট্যাগ যুক্ত করুন
কোনো ট্যাগ নেই, প্রথমজন হিসাবে ট্যাগ করুন!
|
MARC
| LEADER | 00000cam a2200000 a 4500 | ||
|---|---|---|---|
| 001 | UCD1034 | ||
| 003 | CL-VaPUC | ||
| 008 | 151231e19140000sp |||||||||||||||||spa|d | ||
| 082 | 0 | 4 | |a 232.91 |b PER |2 21 |
| 100 | 0 | |a Perardi, José |e author |9 584115 | |
| 245 | 1 | 3 | |a La virgen madre de Dios y la vida cristiana o sea María considerada a la luz de la fe y de la razón |
| 250 | |a 1a. ed | ||
| 300 | |a t | ||
| 942 | |c BK | ||
| 945 | |d 20151231 00:35:00 |a gsalatino | ||
| 260 | |a Barcelona |b E. Subirana, Edit. Y Lib. Pontificio |c 1914 | ||
| 600 | 0 | |a Virgen María |9 314204 | |
| 650 | 0 | |a Mariología |9 365249 | |
| 650 | 0 | |a Patrística |9 322007 | |
| 583 | |a last modification |c 20151231 00:35:00 |k Rodrigo Vera | ||
| 490 | 0 | |a Biblioteca del Orador Sagrado, 5-7 | |
| 999 | |c 362464 |d 362462 | ||
| 952 | |0 0 |1 0 |3 erd |4 0 |6 232_910000000000000_PER_1914 |7 0 |8 P |9 473738 |a BIBTEO |b BIBTES |c TEO_FTES |h t.1 |i 5275598 |o 232.91 PER 1914 |p 5275598 |r 2024-01-18 |w 2019-11-24 |y BK |z Catalogado en:20151231 |k ICR | ||
| 952 | |0 0 |1 0 |3 erd |4 0 |6 232_910000000000000_PER_1914 |7 0 |8 P |9 473739 |a BIBTEO |b BIBTES |c TEO_FTES |h t.2 |i 5275601 |o 232.91 PER 1914 |p 5275601 |r 2024-01-18 |w 2019-11-24 |y BK |z Catalogado en:20151231 |k ICR | ||
| 952 | |0 0 |1 0 |3 erd |4 0 |6 232_910000000000000_PER_1914 |7 0 |8 P |9 473740 |a BIBTEO |b BIBTES |c TEO_FTES |h t.3 |i 527561K |o 232.91 PER 1914 |p 527561K |r 2024-01-18 |w 2019-11-24 |y BK |z Catalogado en:20151231 |k ICR | ||